| 000 | 00000nam 2200000zi 4500 |
| 001 | 9.939089 |
| 003 | CaOODSP |
| 005 | 20240628151022 |
| 006 | m o d f |
| 007 | cr mn||||||||| |
| 008 | 240606t20242024onc o f000 0 eng d |
| 020 | |a9780660722566 |
| 040 | |aCaOODSP|beng|erda|cCaOODSP |
| 043 | |an-cn--- |
| 086 | 1 |aBT42-410/2026E-PDF |
| 245 | 00|aShips' officers (SO) : |bagreement between the Treasury Board and Canadian Merchant Service Guild : group, ships' officers (all employees) : code, 410 : expiry date, March 31, 2026. |
| 264 | 1|aOttawa, Ontario : |bTreasury Board of Canada Secretariat = Secrétariat du Conseil du trésor du Canada, |c2024. |
| 264 | 4|c©2024 |
| 300 | |a1 online resource (148 pages) |
| 336 | |atext|btxt|2rdacontent |
| 337 | |acomputer|bc|2rdamedia |
| 338 | |aonline resource|bcr|2rdacarrier |
| 500 | |aIssued also in French under title: Convention entre le Conseil du trésor et Guilde de la marine marchande du Canada : groupe, officiers de navire (est) (tous les employés). |
| 500 | |a"Published: 2024-05-12." |
| 500 | |a"Date modified: 2018-04-30"--Page 148. |
| 650 | 0|aCollective labor agreements|xGovernment employees|zCanada. |
| 710 | 1 |aCanada. |bTreasury Board, |eissuing body. |
| 710 | 2 |aCanadian Merchant Service Guild, |eissuing body. |
| 775 | 08|tOfficiers et officières de navire (SO) : |w(CaOODSP)9.939090 |
| 856 | 40|qPDF|s808 KB|uhttps://publications.gc.ca/collections/collection_2024/sct-tbs/BT42-410-2026-eng.pdf |
| 856 | 4 |qHTML|sN/A|uhttps://www.tbs-sct.canada.ca/agreements-conventions/view-visualiser-eng.aspx?id=20 |